| 000 | 00739cam a2200229 i 4500 | ||
|---|---|---|---|
| 001 | 1792604 | ||
| 005 | 20180212033317.0 | ||
| 008 | 790307s1979 nyua b 010 0 eng | ||
| 010 | _a 78022529 | ||
| 020 | _a0123704502 | ||
| 040 |
_aDLC _cDLC _dDLC |
||
| 041 | _aeng | ||
| 080 | _a658..401 and | ||
| 082 | 0 | 0 | _a658..401 and |
| 100 | _a54 | ||
| 101 | _aman | ||
| 245 | 0 | 0 |
_aQuantitative planning and control : _cedited by Yuji Ijiri, Andrew B. Whinston. |
| 504 | _a"Bibliography of the works of William Wager Cooper:" p. 329-344 | ||
| 504 | _aIncludes bibliographies. | ||
| 906 |
_a7 _bcbc _corignew _d1 _eocip _f19 _gy-gencatlg |
||
| 942 |
_2ddc _cBK |
||
| 999 |
_c42290 _d42290 |
||